Every song by Joey Valence & Brae - Statistics

General Stats
  • This quiz has been taken 3 times
  • The average score is 46 of 58
Answer Stats
Albums Song % Correct
HYPERYOUTH (afterparty) bustamove
100%
HYPERYOUTH BUST DOWN
100%
HYPERYOUTH (afterparty) changes
100%
PUNK TACTICS CLUB SANDWICH
100%
The Underground Sound (EP) Crank It Up
100%
PUNK TACTICS DANCE NOW
100%
HYPERYOUTH DISCO TOMORROW
100%
The Underground Sound (EP) Double Jump
100%
PUNK TACTICS DROP!!
100%
HYPERYOUTH (afterparty) friends
100%
PUNK TACTICS HOOLIGANG
100%
HYPERYOUTH (afterparty) how does it feel to be young
100%
HYPERYOUTH HYPERYOUTH
100%
HYPERYOUTH (afterparty) i like this
100%
HYPERYOUTH LIVE RIGHT
100%
NO HANDS NO HANDS
100%
NO HANDS OK
100%
PUNK TACTICS PUNK TACTICS
100%
HYPERYOUTH (afterparty) push the pipe
100%
PUNK TACTICS RN
100%
HYPERYOUTH SEE U DANCE
100%
Non-album (2022) TANAKA
100%
PUNK TACTICS TANAKA 2
100%
The Underground Sound (EP) Underground Sound
100%
HYPERYOUTH WASSUP
100%
NO HANDS (Deluxe Edition) 365
67%
HYPERYOUTH BILLIE JEAN
67%
NO HANDS BUSSIT
67%
NO HANDS (Deluxe Edition) CAN'T STOP NOW
67%
PUNK TACTICS DELINQUENT (TEEN TITAN)
67%
NO HANDS (Deluxe Edition) FREAKS
67%
HYPERYOUTH GIVE IT TO ME
67%
HYPERYOUTH GO HARD
67%
PUNK TACTICS GUMDROP
67%
HYPERYOUTH HAVE TO CRY
67%
The Underground Sound (EP) I'm Fresh
67%
PUNK TACTICS INTERMISSION
67%
NO HANDS JOHN CENA
67%
PUNK TACTICS KILL BILL
67%
NO HANDS LIKE A PUNK
67%
The Underground Sound (EP) Like What
67%
HYPERYOUTH MYSELF
67%
NO HANDS OMNITRIX
67%
NO HANDS PACKAPUNCH
67%
HYPERYOUTH PARTY'S OVER
67%
NO HANDS (Deluxe Edition) PINEAPPLE FRIED RICE
67%
The Underground Sound (EP) Ready Set
67%
PUNK TACTICS STREET PIZZA
67%
NO HANDS THE BADDEST
67%
NO HANDS (Deluxe Edition) THE BADDEST (BADDER)
67%
HYPERYOUTH THE PARTY SONG
67%
PUNK TACTICS WATCH YO STEP
67%
NO HANDS WHAT U NEED
67%
NO HANDS WHERE U FROM
67%
NO HANDS DOUGHBOY
33%
NO HANDS INTERMISSION 2
33%
HYPERYOUTH IS THIS LOVE
33%
PUNK TACTICS STARTAFIGHT
33%
No matching quizzes found
Score Distribution
Percent of People with Each Score
Percentile by Number Answered
Your Score History
You have not taken this quiz